000 00608nam a2200265Ia 4500
005 20260306164156.0
008 008 260114s9999 xx 000 0 eng d
020 _a9781452946382
037 _aEBOOK
040 _aCRL
040 _beng
040 _cCRL
041 _2eng
041 _aeng
084 _qCRL
100 _aGaffney
_91130154
245 4 _aThe Force Of The Virtual
260 _bUniversity of Minnesota Press
260 _c2015
650 _aPhilosophy
856 _uhttps://academic.oup.com/book/15036
942 _cEBOOK
999 _c1713053
_d1713053